| 000 | 00608cam a2200229 i 4500 | ||
|---|---|---|---|
| 001 | 4159933 | ||
| 005 | 20180109095523.0 | ||
| 008 | 780419s1977 enk b 001 0 eng | ||
| 010 | _a 78300833 | ||
| 015 | _aGB*** | ||
| 020 |
_a0198750390 : _c£1.95 |
||
| 040 |
_aDLC _cDLC _dDLC |
||
| 041 | _aeng | ||
| 080 | _a121.0924 TIP | ||
| 082 | 0 | 0 | _a121.0924 TIP |
| 100 | _a24 | ||
| 101 | _aFIL | ||
| 245 | 0 | 0 |
_aLocke on human understanding : _cedited by I. C. Tipton. |
| 504 | _aBibliography: p. [164]-167. | ||
| 906 |
_a7 _bcbc _corignew _d3 _encip _f19 _gy-gencatlg |
||
| 942 |
_2ddc _cBK |
||
| 999 |
_c39980 _d39980 |
||